| 000 | 01102cam a2200205 4500 | ||
|---|---|---|---|
| 001 | WB@3612-275 | ||
| 008 | 040916n2004 000 0 eng u | ||
| 035 | _a(Sirsi) u127440 | ||
| 245 | _aDIY renewable energy | ||
| 260 | _c2004 | ||
| 490 |
_aGreen Alliance Press Release _v15 September 2004 (3) |
||
| 520 | _aGreen Alliance has published a report entitled "A micro-generation manifesto". http://www.green-alliance.org.uk/publications/Micr ogenerationManifesto/. This looks at how to tackle the rising carbon emissions from the domestic sector, where energy demand is growing almost as fast as that of transport. It puts forward the case for micro-generation - small, affordable, roof-mounted wind turbines, solar panels and heating systems that can generate renewable, low carbon heat and power at home. To buy one of these can cost as little as £990. http://www.green-alliance.org.uk/mediaroom/MicroGe nPressRelease/ | ||
| 590 | _aWB | ||
| 590 | _aWB | ||
| 650 | _aRENEWABLE ENERGY | ||
| 650 | _aENERGY-EFFICIENCY | ||
| 650 | _aDOMESTIC ENERGY | ||
| 690 |
_aENERGY _96237 |
||
| 942 | _n0 | ||
| 999 |
_c118015 _d118015 |
||